000 01246 a2200253 4500
005 20080910115635.0
008 080910t xxu||||| |||| 00| 0 hin d
010 _aHIN-79411
020 _a8188099864
_c350.00
035 _aHN-51757
037 _bD.B.Act / ven
082 _a425
100 _aब्रजकिशोर प्रसाद सिंह
245 _aसामान्य हिन्दी व्याकरण
_cब्रजकिशोर प्रसाद सिंह
246 _aSamanya Hindi Vyakaran
_bby Brij Kishore Prasad Singh
260 _aजयपुर
_c2007
_bमनोज पब्लिकेशन्स
260 _aजयपुर (वितरक) अनु प्रकाशन
270 _a958, धामाणी मार्केट की गली, चौड़ा रास्ता
300 _a304पृ
_c22 सेमी (सजिल्द)
650 _aहिन्दी व्याकरण
650 _aHindi Vyakaran
942 _adpl
_cHN
_k425 / ब्रजकि
_2ddc
_h425
_mब्रजकि
999 _c1910
_d1910